000 00730nam0a22002411 4500
001 rc\210588
005 20030307114255.0
035 _a(NLR Aleph) 005460837
090 _a4953764
_c4953764
100 _a20030307d1996 u |0rusy50 ca
101 0 _arus
102 _aRU
105 _ay |||||||||
200 1 _aЭксплуатация морского флота
_eУчеб. пособие
_fЯ.Я. Эглит
_gАкад. трансп. Балтии
210 _aСПб.
_cБ. и.
_d1996
215 _a[2], 186 с.
_d20
320 _aБиблиогр.: с. 184
700 1 _aЭглит
_bЯ. Я.
_gЯн Янович
801 0 _aRU
_bNLR
_gpsbo
801 1 _aRU
_bELAR
_2rusmarc
852 _aNLR
_j96-3/8907
942 _cBOOK
980 _aNB